Joint ventures and Japan
Contents: Part I. Entering the japanese economy; Part II. Writing the joint-venture contract; Part III. Managing the joint venture; Part IV. Marketing the joint venture
Salvato in:
| Autore principale: | |
|---|---|
| Natura: | Libro |
| Lingua: | Undetermined |
| Pubblicazione: |
Tokyo
Sophia University
1967
|
| Soggetti: | |
| Tags: |
Aggiungi Tag
Nessun Tag, puoi essere il primo ad aggiungerne! !
|
| Thư viện lưu trữ: | Trung tâm Học liệu Trường Đại học Cần Thơ |
|---|
| LEADER | 00759nam a2200193Ia 4500 | ||
|---|---|---|---|
| 001 | CTU_78963 | ||
| 008 | 210402s9999 xx 000 0 und d | ||
| 082 | |a 658.044 | ||
| 082 | |b B193 | ||
| 100 | |a Ballon, Robert J. | ||
| 245 | 0 | |a Joint ventures and Japan | |
| 245 | 0 | |c Robert J. Ballon, editor. Contributors: Teisuke Akamatsu [and others] | |
| 260 | |a Tokyo | ||
| 260 | |b Sophia University | ||
| 260 | |c 1967 | ||
| 520 | |a Contents: Part I. Entering the japanese economy; Part II. Writing the joint-venture contract; Part III. Managing the joint venture; Part IV. Marketing the joint venture | ||
| 650 | |a Investments, foreign,Đầu tư nước ngoài | ||
| 650 | |z Japan,Nhật Bản | ||
| 980 | |a Trung tâm Học liệu Trường Đại học Cần Thơ | ||